Normal view
MARC view
- Chellis, Robert D
Entry Personal Name
001 - CONTROL NUMBER
- control field: 7465
003 - CONTROL NUMBER IDENTIFIER
- control field: OSt
005 - DATE AND TIME OF LATEST TRANSACTION
- control field: 20250506120758.0
008 - FIXED-LENGTH DATA ELEMENTS
- fixed length control field: 250506|| aca||aabn | a|a d
040 ## - CATALOGING SOURCE
- Original cataloging agency: OSt
- Transcribing agency: OSt
100 ## - HEADING--PERSONAL NAME
- Personal name: Chellis, Robert D
670 ## - SOURCE DATA FOUND
- Source citation: Work cat.: (OSt)7577: Chellis, Robert D., Pile foundation / , 1961.
